Golden goose / (Record no. 355100)
[ view plain ]
| 000 -LEADER | |
|---|---|
| fixed length control field | 00467nam a2200169Ia 4500 |
| 008 - FIXED-LENGTH DATA ELEMENTS--GENERAL INFORMATION | |
| fixed length control field | 180207s9999 xx 000 0 und d |
| 020 ## - INTERNATIONAL STANDARD BOOK NUMBER | |
| International Standard Book Number | 9780439987196 |
| 050 ## - LIBRARY OF CONGRESS CALL NUMBER | |
| Item number | R353 2000 |
| 100 ## - MAIN ENTRY--PERSONAL NAME | |
| Personal name | Reid, Barbara. |
| 245 ## - TITLE STATEMENT | |
| Title | Golden goose / |
| 245 ## - TITLE STATEMENT | |
| Statement of responsibility, etc | Barbara Reid ; adopted from the traditional fairy tale by the Brothers Grimm. |
| 260 ## - PUBLICATION, DISTRIBUTION, ETC. (IMPRINT) | |
| Place of publication, distribution, etc | Canada : |
| 260 ## - PUBLICATION, DISTRIBUTION, ETC. (IMPRINT) | |
| Name of publisher, distributor, etc | North Winds Press, |
| 260 ## - PUBLICATION, DISTRIBUTION, ETC. (IMPRINT) | |
| Date of publication, distribution, etc | 2000 |
| 300 ## - PHYSICAL DESCRIPTION | |
| Extent | 30 pages : |
| 300 ## - PHYSICAL DESCRIPTION | |
| Other physical details | color illustration ; |
| Withdrawn status | Lost status | Damaged status | Home library | Current library | Date acquired | Total Checkouts | Full call number | Barcode | Date last seen | Price effective from | Koha item type |
|---|---|---|---|---|---|---|---|---|---|---|---|
| Stonyhurst Southville International School (Malarayat) | Stonyhurst Southville International School (Malarayat) | 02/07/2018 | ER R353 2000 | SSISM4645 | 02/07/2018 | 02/07/2018 | Books |